| 000 | 00514nam a22001697a 4500 | ||
|---|---|---|---|
| 008 | 221024b ||||| |||| 00| 0 eng d | ||
| 020 | _a0918992087 | ||
| 050 |
_aBP161.2 _b.S18 1990 |
||
| 100 | _aSabini, John, 1921- | ||
| 245 |
_aIslam, a primer / _cJohn Sabini. |
||
| 250 | _aRev. ed. | ||
| 260 |
_aWashington, D.C. : _bMiddle East Editorial Associates, _c1990. |
||
| 300 |
_ax, 122 p. ; _c21 cm. |
||
| 500 | _aIncludes bibliographical references (p. 121-122). | ||
| 650 | _aIslam. | ||
| 942 |
_2lcc _cBK |
||
| 999 |
_c58112 _d58112 |
||